İçeriği atla

Государственное регулирование в агротуризме методические указания

Методические указания содержат основные теоретические аспекты и задания для практических занятий, разработанные по каждой теме дисциплины «Государственное регулирование в агротуризме». После каждой темы приводятся контрольные вопросы для проверки знаний обучающихся. Методические указания предназначе...

Ful tanımlama

Kaydedildi:
Detaylı Bibliyografya
Yazar: Курмаева И. С.
Diğer Yazarlar: Баймишева Т. А.
Materyal Türü: Книга
Dil:Russian
Baskı/Yayın Bilgisi: Самара СамГАУ 2024
Konular:
Online Erişim:https://e.lanbook.com/book/432221
https://e.lanbook.com/img/cover/book/432221.jpg
Etiketler: Etiketle
Etiket eklenmemiş, İlk siz ekleyin!
LEADER 02039nam0a2200385 i 4500
001 432221
003 RuSpLAN
005 20250516154006.0
008 250516s2024 ru gs 000 0 rus
040 |a RuSpLAN 
041 0 |a rus 
044 |a ru 
080 |a 796.50 
084 |a 65.43 р  |2 rubbk 
245 0 0 |a Государственное регулирование в агротуризме  |b методические указания  |c Курмаева И. С.,Баймишева Т. А. 
260 |a Самара  |b СамГАУ  |c 2024 
300 |a 28 с. 
504 |a Библиогр.: доступна в карточке книги, на сайте ЭБС Лань 
520 8 |a Методические указания содержат основные теоретические аспекты и задания для практических занятий, разработанные по каждой теме дисциплины «Государственное регулирование в агротуризме». После каждой темы приводятся контрольные вопросы для проверки знаний обучающихся. Методические указания предназначены для обучающихся направления подготовки 43.03.02 Туризм. 
521 8 |a Книга из коллекции СамГАУ - Сервис и туризм 
521 8 |a СЭБ 
653 0 |a государство 
653 0 |a регулирование 
653 0 |a экономика 
653 0 |a туризм 
653 0 |a правовые акты 
653 0 |a индустрия 
653 0 |a стандарты 
653 0 |a процедура 
653 0 |a разработка 
100 1 |a Курмаева И. С. 
700 1 |a Баймишева Т. А. 
856 4 |u https://e.lanbook.com/book/432221 
856 4 8 |u https://e.lanbook.com/img/cover/book/432221.jpg 
953 |a https://e.lanbook.com/img/cover/book/432221.jpg 
Cannot write session to /tmp/vufind_sessions/sess_6mss0d4i77b2193a0b2rugjith